MARC details
| 000 -CABECERA |
| campo de control de longitud fija |
04234nam a2200457 a 4500 |
| 001 - NÚMERO DE CONTROL |
| campo de control |
000045724 |
| 005 - FECHA Y HORA DE LA ÚLTIMA TRANSACCIÓN |
| campo de control |
20201002052416.0 |
| 008 - DATOS DE LONGITUD FIJA--INFORMACIÓN GENERAL |
| campo de control de longitud fija |
150130s2013 dr abc 000 0 spa d |
| 020 ## - NÚMERO INTERNACIONAL ESTÁNDAR DEL LIBRO |
| Número Internacional Estándar del Libro |
9789945495135 (v. 1) |
| 020 ## - NÚMERO INTERNACIONAL ESTÁNDAR DEL LIBRO |
| Número Internacional Estándar del Libro |
9789945495143 (v. 2) |
| 020 ## - NÚMERO INTERNACIONAL ESTÁNDAR DEL LIBRO |
| Número Internacional Estándar del Libro |
9789945495151 (v. 3) |
| 020 ## - NÚMERO INTERNACIONAL ESTÁNDAR DEL LIBRO |
| Número Internacional Estándar del Libro |
978994549516X (v. 4) |
| 020 ## - NÚMERO INTERNACIONAL ESTÁNDAR DEL LIBRO |
| Número Internacional Estándar del Libro |
9789945495178 (v. 5) |
| 020 ## - NÚMERO INTERNACIONAL ESTÁNDAR DEL LIBRO |
| Número Internacional Estándar del Libro |
9789945495186 (v. 6) |
| 020 ## - NÚMERO INTERNACIONAL ESTÁNDAR DEL LIBRO |
| Número Internacional Estándar del Libro |
9789945495194 (v. 7) |
| 020 ## - NÚMERO INTERNACIONAL ESTÁNDAR DEL LIBRO |
| Número Internacional Estándar del Libro |
9789945495208 (v. 8) |
| 040 ## - FUENTE DE LA CATALOGACIÓN |
| Centro catalogador/agencia de origen |
DO-SdBNP |
| Lengua de catalogación |
spa |
| Centro/agencia transcriptor |
BNPHU |
| 082 ## - NÚMERO DE LA CLASIFICACIÓN DECIMAL DEWEY |
| Número de clasificación |
xxxx |
| Número de documento/Ítem |
xxxx |
| 100 1# - ENTRADA PRINCIPAL--NOMBRE DE PERSONA |
| Nombre de persona |
Hernández Grullón, Alejandro |
| 9 (RLIN) |
44157 |
| 245 10 - MENCIÓN DE TÍTULO |
| Título |
Ciencias : |
| Resto del título |
educacion básica / |
| Mención de responsabilidad, etc. |
Alejandro Hernández Grullón...[et al.] ; ilustraciones Ramón L. Sandoval. |
| 260 ## - PUBLICACIÓN, DISTRIBUCIÓN, ETC. |
| Lugar de publicación, distribución, etc. |
Santo Domingo : |
| Nombre del editor, distribuidor, etc. |
Actualidad Escolar 2000, |
| Fecha de publicación, distribución, etc. |
2013. |
| 300 ## - DESCRIPCIÓN FÍSICA |
| Extensión |
8 v. : |
| Otras características físicas |
il., map. retrs. ; |
| Dimensiones |
28 cm. |
| 500 ## - NOTA GENERAL |
| Nota general |
Del volumen 1 al 4 es edición revisada y actualizada al 2013 |
| 500 ## - NOTA GENERAL |
| Nota general |
Del volumen 5 al 8 es edición revisada y actualizada al 2014 |
| 500 ## - NOTA GENERAL |
| Nota general |
Cada v. posee el "Libro del maestro" |
| 505 1# - NOTA DE CONTENIDO CON FORMATO |
| Nota de contenido con formato |
v.1 : |
| Información miscelánea |
unidad 1 -- |
| Título |
Yo tengo una familia -- |
| Información miscelánea |
unidad 2 -- |
| Título |
Mi escuela -- |
| Información miscelánea |
unidad 3 -- |
| Título |
Mi comunidad -- |
| Información miscelánea |
unidad 4 -- |
| Título |
Mi país -- |
| -- |
Bibliografía / |
| Mención de responsabilidad |
Hernández Grullón, Alejandro -- |
| -- |
Hernández, Juan Ricardo -- |
| 505 1# - NOTA DE CONTENIDO CON FORMATO |
| Nota de contenido con formato |
v. 2 : |
| Información miscelánea |
unidad 1 -- |
| Título |
Yo tengo una familia -- |
| Información miscelánea |
unidad 2 -- |
| Título |
Vivo en una comunidad -- |
| Información miscelánea |
unidad 3 -- |
| Título |
¿Cómo se organiza mi comunidad? -- |
| Información miscelánea |
unidad 4 -- |
| Título |
Comunicación y transporte en la comunidad -- |
| Información miscelánea |
unidad 5 -- |
| Título |
Mi país, República Dominicana -- |
| -- |
Bibliografía / |
| -- |
Bibliografía / |
| Mención de responsabilidad |
Hernández Grullón, Alejandro -- |
| -- |
Hernández, Juan Ricardo -- |
| 505 1# - NOTA DE CONTENIDO CON FORMATO |
| Nota de contenido con formato |
v. 3 : |
| Información miscelánea |
unidad 1 -- |
| Título |
Familia y comunidad -- |
| Información miscelánea |
unidad 2 -- |
| Título |
Conozco donde vivo -- |
| Información miscelánea |
unidad 3 -- |
| Título |
Cultura y autirdades en nuestros municipios -- |
| Información miscelánea |
unidad 4 -- |
| Título |
República Dominicana, primeros pobladores -- |
| -- |
Bibliografía / |
| Mención de responsabilidad |
Hernández Grullón, Alejandro -- |
| -- |
Hernández, Juan Ricardo -- |
| 505 1# - NOTA DE CONTENIDO CON FORMATO |
| Nota de contenido con formato |
v. 4 : |
| Información miscelánea |
unidad 1 -- |
| Título |
Provincias y regiones dominicanas -- |
| Información miscelánea |
unidad 2 -- |
| Título |
Relieve, hidrografía y clima de las regiones de la República Dominicana -- |
| Información miscelánea |
unidd 3 -- |
| Título |
Nuestros primeros pobladores y la llegada de los españoles -- |
| Información miscelánea |
unidad 4 -- |
| Título |
Esclavitud nativa y resistencia -- |
| Información miscelánea |
unidad 5 -- |
| Título |
Así se formó el pueblo dominicano / |
| Mención de responsabilidad |
Hernández Grullón, Alejandro -- |
| -- |
Hernández, Juan Ricardo -- |
| 505 1# - NOTA DE CONTENIDO CON FORMATO |
| Nota de contenido con formato |
v. 5 : |
| Información miscelánea |
unidad 1 -- |
| Título |
La isla de Santo Domingo y la región del Caribe -- |
| Información miscelánea |
unidad 2 -- |
| Título |
Los continentes: América, Europa, África, Asia, Oceanía y Antártida -- |
| Información miscelánea |
unidad 3 -- |
| Título |
Las civilizaciones antiguas -- |
| Información miscelánea |
unidad 4 -- |
| Título |
África y América conquistadas por Europa -- |
| Información miscelánea |
unidad 5 -- |
| Título |
Las civilizaciones del continente americano y pobladores de las Antillas -- |
| Información miscelánea |
unidad 6 -- |
| Título |
Azúcar y esclavitud en la región caribeña / |
| Mención de responsabilidad |
Hernández Grullón, Alejandro -- |
| -- |
Hernández, Juan Ricardo -- |
| 505 1# - NOTA DE CONTENIDO CON FORMATO |
| Nota de contenido con formato |
v. 6 : |
| Información miscelánea |
unidad 1-- |
| Título |
Colonización de América, África y Asia-- |
| Información miscelánea |
unidad 2 -- |
| Título |
Colonización de la Hispaniola -- |
| Información miscelánea |
unidad 3 -- |
| Título |
Las revoluciones burguesas -- |
| Información miscelánea |
unidad 4 -- |
| Título |
El movimiento antiesclavista en América -- |
| Información miscelánea |
unidad 5 -- |
| Título |
La independencia de las colonias americanas / |
| Mención de responsabilidad |
Hernández Grullón, Alejandro -- |
| -- |
Hernández, Juan Ricardo -- |
| 505 1# - NOTA DE CONTENIDO CON FORMATO |
| Nota de contenido con formato |
v. 7 : |
| Información miscelánea |
unidad 1 -- |
| Título |
Movimiento poblacional y dominio del espacio en la República Dominicana -- |
| Información miscelánea |
unidad 2 -- |
| Título |
Ocupación haitiana (1822-1844) y proceso de la independencia de la República Dominicana -- |
| Información miscelánea |
unidad 3 -- |
| Título |
Presencia de las potencias europeas y los Estados Unidos en las luchas internas post-independentistas / |
| Mención de responsabilidad |
Hernández Grullón, Alejandro -- |
| -- |
Hernández, Juan Ricardo -- |
| 505 1# - NOTA DE CONTENIDO CON FORMATO |
| Nota de contenido con formato |
v. 8 : |
| Información miscelánea |
unidad 1 -- |
| Título |
Luchas por el control del espacio entre las potencias mundiales -- |
| Información miscelánea |
unidad 2 -- |
| Título |
Dictaduras y derechos humanos en República Dominicana y América Latina -- |
| Información miscelánea |
unidad 3 -- |
| Título |
Sistema electoral y cobertura democrática en la República Dominicana / |
| Mención de responsabilidad |
Hernández Grullón, Alejandro -- |
| -- |
Hernández, Juan Ricardo -- |
| 700 1# - PUNTO DE ACCESO ADICIONAL--NOMBRE DE PERSONA |
| Nombre de persona |
Cid, Henry |
| Término indicativo de función/relación |
il. |
| 9 (RLIN) |
346 |
| 700 1# - PUNTO DE ACCESO ADICIONAL--NOMBRE DE PERSONA |
| Nombre de persona |
Pérez, Danilda |
| Término indicativo de función/relación |
act. |
| 9 (RLIN) |
73778 |
| 700 1# - PUNTO DE ACCESO ADICIONAL--NOMBRE DE PERSONA |
| Nombre de persona |
Phipps Green, George |
| Término indicativo de función/relación |
il. |
| 9 (RLIN) |
73779 |
| 700 1# - PUNTO DE ACCESO ADICIONAL--NOMBRE DE PERSONA |
| Nombre de persona |
Hernández, Juan Ricardo |
| 9 (RLIN) |
73780 |
| 700 1# - PUNTO DE ACCESO ADICIONAL--NOMBRE DE PERSONA |
| Nombre de persona |
Grullón, Ramona |
| Término indicativo de función/relación |
act. |
| 9 (RLIN) |
73781 |
| 700 1# - PUNTO DE ACCESO ADICIONAL--NOMBRE DE PERSONA |
| Nombre de persona |
Sandoval, Ramón L. |
| Término indicativo de función/relación |
il. |
| 9 (RLIN) |
29585 |
| 700 1# - PUNTO DE ACCESO ADICIONAL--NOMBRE DE PERSONA |
| Nombre de persona |
Guzmán Nieves, Ramón |
| Término indicativo de función/relación |
il. |
| 9 (RLIN) |
73782 |